Fast Typing - Statistics

General Stats
  • This quiz has been taken 160 times
  • The average score is 14 of 15
Answer Stats
Hint Answer % Correct
Excellent Excellent
100%
Outstanding Outstanding
98%
Incredible Incredible
97%
Interesting Interesting
97%
Magnificent Magnificent
97%
Extraordinary Extraordinary
96%
Respective Respective
92%
Expensive Expensive
91%
Intelligent Intelligent
91%
Anthropology Anthropology
89%
Simultaneously Simultaneously
89%
Meanwhile Meanwhile
87%
Underrated Underrated
87%
Mainstream Mainstream
85%
Engineer Engineer
83%
No matching quizzes found
Score Distribution
Percent of People with Each Score
Percentile by Number Answered
Your Score History
You have not taken this quiz